| 000 | 00828nam a2200229 a 4500 | ||
|---|---|---|---|
| 005 | 20210223122335.0 | ||
| 008 | 991125s1987 es 000 0 spa u | ||
| 020 | _a8434585987 | ||
| 035 | _aUPN01000033762 | ||
| 049 | _aI | ||
| 050 | 4 |
_aPT2674 O7.7 _bK6.6 |
|
| 100 | 1 |
_aNöstlinger, Christine, _d1936- _931818 |
|
| 245 | 1 | 0 |
_aKonrad, ó, El niño que salió de una lata de conservas / _cChristine Nöstlinger ; il. Frantz Willkamp ; tr. Ma. Jesús Ampudia. |
| 260 |
_aMadrid : _bAlfaguara : _bSalvat, _c1987. |
||
| 300 |
_a144 p. : _bil. |
||
| 440 | 0 | _aBiblioteca juvenil | |
| 534 |
_pTraducción de: _tKonrad oder das kind aus der konservenbüchse |
||
| 650 | 4 |
_aCUENTOS INFANTILES AUSTRIACOS _912943 |
|
| 650 | 4 |
_aCUENTOS HUMORISTICOS _911283 |
|
| 740 | 3 | _aEl niño que salió de una lata de conservas | |
| 905 | _aInfantil | ||
| 999 |
_c33762 _d33762 |
||